[Event "La Piazzetta op 1st"]
[Site "Casalpusterlengo"]
[Date "2014.10.04"]
[Round "3"]
[White "Losi, Paolo"]
[Black "Bignami, Venanzio"]
[Result "1-0"]
[WhiteElo "1705"]
[BlackElo "1757"]
[PlyCount "59"]
[EventDate "2014.10.03"]
[EventType "swiss"]
[EventRounds "5"]
[EventCountry "ITA"]
[SourceTitle "EXT 2016"]
[Source "ChessBase"]
[SourceDate "2015.10.08"]
[SourceVersion "1"]
[SourceVersionDate "2015.10.08"]
[SourceQuality "1"]

1. d4 d5 2. Nf3 c6 3. c3 e6 4. Qc2 f5 5. Bf4 Nd7 6. Nbd2 Ngf6 7. h3 g6 8. Bg5 Bg7 9. g4 fxg4 10. hxg4 0-0 11. Ne5 Qe8 12. Ndf3 Nxe5 13. Nxe5 Ne4 14. Be3 Bxe5 15. dxe5 Qf7 16. f3 Ng3 17. Rg1 Nxf1 18. Rxf1 Qc7 19. Bh6 Rf7 20. f4 Qe7 21. Rh1 Bd7 22. 0-0-0 Qc5 23. Rdf1 a5 24. Bg5 b5 25. Bf6 b4 26. Qxg6+ Kf8 27. Rxh7 Rxh7 28. Qxh7 Bc8 29. Rh1 bxc3 30. Qg7+ 1-0

[Event "Crema op 06th"]
[Site "Crema"]
[Date "2004.09.05"]
[Round "5"]
[White "Bignami, Venanzio"]
[Black "Vetturi, Pietro"]
[Result "1/2-1/2"]
[WhiteElo "1532"]
[BlackElo "1691"]
[PlyCount "72"]
[EventDate "2004.09.03"]
[EventType "swiss"]
[EventRounds "6"]
[EventCountry "ITA"]
[SourceTitle "EXT 2007"]
[Source "ChessBase"]
[SourceDate "2006.11.23"]
[SourceVersion "1"]
[SourceVersionDate "2006.11.23"]
[SourceQuality "1"]

1. e4 c5 2. f4 d6 3. Nf3 Nc6 4. h3 Nf6 5. Nc3 g6 6. Bb5 Bd7 7. Bxc6 Bxc6 8. d3 Bg7 9. Be3 e6 10. e5 dxe5 11. fxe5 Nd7 12. Bg5 Qc7 13. d4 Bxf3 14. gxf3 cxd4 15. Ne2 Qxe5 16. Qd2 0-0 17. 0-0-0 d3 18. Nc3 dxc2 19. Kxc2 Nf6 20. f4 Qc7 21. Bxf6 Bxf6 22. h4 h5 23. Rdg1 Rfd8 24. Qe2 Kh7 25. Rh3 Rac8 26. Rhg3 a6 27. Kb1 Bxc3 28. Rg5 Kh6 29. Qe4 Rg8 30. bxc3 Qxc3 31. Qxb7 Rb8 32. Rxg6+ Rxg6 33. Rxg6+ Kxg6 34. Qxb8 a5 35. Qg8+ Qg7 36. Qd8 Qf6 1/2-1/2